| LEADER |
02014ngm0a2200397 450 |
| 001 |
16845565 |
| 100 |
|
|
|a 20100902d2009 u u0frey01 ba
|
| 101 |
1 |
|
|a eng
|c eng
|
| 102 |
|
|
|a US
|
| 200 |
0 |
|
|a Kick Ass
|f Matthew Vaughn, réal., scénario
|g John Romita Jr, Mark Millar, adapt. - Marius De Vries, Henry Jackman, John Murphy, Ilan Eshkeri, mus. - Jane Goldman, scénario - Chloe Moretz, Nicolas Cage, Aaron Johnson, ... [et al.] act.
|
| 207 |
|
1 |
|a
|
| 215 |
|
|
|a 1 DVD vidéo monoface zone 2 (1 h 52 min )
|c 16/9, coul. (PAL), son. (Dolby digital 5.1)
|
| 300 |
|
|
|a Des scènes, des propos ou des images peuvent heurter la sensibilité des spectateurs.
|
| 327 |
|
|
|a Commentaire audio du réalisateur Matthew Vaughn, featurette sur le comic book 'Kick-Ass' (22'), 'The Art of Kick-Ass' : tous les dessins préparatoires du film, les archives marketing : galerie d'affiches, photos, bandes-annonces, etc.
|
| 330 |
|
|
|a Un adolescent, passionné par les super-héros, décide de passer du rêve à la réalité : il devient Kick Ass et se lance dans une bataille effrenée contre le crime... Délirant, jubilatoire et très divertissant !
|
| 464 |
|
|
|a Commentaire audio du réalisateur Matthew Vaughn
|
| 464 |
|
|
|a featurette sur le comic book 'Kick-Ass' (22')
|
| 464 |
|
|
|a 'The Art of Kick-Ass' : tous les dessins préparatoires du film
|
| 464 |
|
|
|a les archives marketing : galerie d'affiches
|
| 464 |
|
|
|a photos
|
| 464 |
|
|
|a bandes-annonces
|
| 464 |
|
|
|a etc.
|
| 700 |
|
0 |
|a Vaughn
|b Matthew
|4 370
|
| 702 |
|
0 |
|a Johnson
|b Aaron
|4 590
|
| 702 |
|
0 |
|a Cage
|b Nicolas
|4 590
|
| 702 |
|
0 |
|a Moretz
|b Chloe
|4 590
|
| 702 |
|
0 |
|a Goldman
|b Jane
|4 690
|
| 702 |
|
0 |
|a Eshkeri
|b Ilan
|4 230
|
| 702 |
|
0 |
|a Murphy
|b John
|4 230
|
| 702 |
|
0 |
|a Jackman
|b Henry
|4 230
|
| 702 |
|
0 |
|a De Vries
|b Marius
|4 230
|
| 702 |
|
0 |
|a Millar
|b Mark
|4 100
|
| 702 |
|
0 |
|a Romita Jr
|b John
|4 100
|
| 900 |
|
|
|a Film
|
| 901 |
|
|
|a Accessible au prêt
|
| 995 |
|
|
|a Bibliothèque
|c Bibliothèque
|f 00156008349128
|h 00156008349128
|k F VAU
|o p
|q a
|r gd
|e Bibliothèque
|